书目信息 |
| 题名: |
星光璀璨
|
|
| 作者: | 靳录 主编 | |
| 分册: | ||
| 出版信息: | 郑州 中州古籍出版社 2014.12 |
|
| 页数: | 462页 | |
| 开本: | 20cm | |
| 丛书名: | ||
| 单 册: | ||
| 中图分类: | K820.861 | |
| 科图分类: | ||
| 主题词: | 人物--传记--中国 | |
| 电子资源: | ||
| ISBN: | 7-5348-5023-1 | |
| 000 | 00533nam0 2200193 450 | |
| 001 | 1835085669 | |
| 005 | 20180523094618.94 | |
| 010 | @a7-5348-5023-1@dCNY78.00 | |
| 100 | @a20180523d2014 km y0chiy0120 ea | |
| 101 | 0 | @achi |
| 102 | @aCN@b410000 | |
| 200 | 1 | @a星光璀璨@Axing guang cui can@f靳录主编@Fjin lu zhu bian |
| 210 | @a郑州@c中州古籍出版社@d2014.12 | |
| 215 | @a462页@d20cm | |
| 606 | 0 | @a人物@x传记@x中国 |
| 690 | @aK820.861@v4 | |
| 701 | 0 | @a靳录@Ajin lu@4主编 |
| 801 | 0 | @aCN@bMUSE@c20180523 |
| 905 | @aMUSE@dK820.861@eJ858 | |
| 星光璀璨/靳录主编.-郑州:中州古籍出版社,2014.12 |
| 462页;20cm |
| ISBN 7-5348-5023-1:CNY78.00 |
| ● |
| 相关链接 |
|
|
|
正题名:星光璀璨
索取号:K820.861/J858
 
预约/预借
| 序号 | 登录号 | 条形码 | 馆藏地/架位号 | 状态 | 备注 |
| 1 | 0950504 | 209505043 | 社科库309/309社科库 45排4列5层/ [索取号:K820.861/J858] | 在馆 |